| 000 | 00390cam a2200145ua 4500 | ||
|---|---|---|---|
| 003 | OSt | ||
| 008 | 250104b |||||||| |||| 00| 0 eng d | ||
| 041 | _aeng | ||
| 082 |
_a621.381 _bRYD/EL |
||
| 100 |
_aRyder, John D . _96776 |
||
| 245 | _aElectronic fundamentals and applications / | ||
| 260 |
_aNew Delhi : _bPrentice Hall of India Pvt Ltd. , _c1968. |
||
| 300 | _a671 ; . | ||
| 942 | _cBK | ||
| 999 |
_c10663 _d10663 |
||